000
00255nam a2200097Ia 4500
082
_a
J 577.0728 MEDI
245
0
_a
Graphing habitats
100
_a
MEDINA, Sarah Chicago, Ill., [c.2009]
942
_c
BK
008
210817s9999 xx 000 0 und d
999
_c
368249
_d
368248